000 01563nam a2200361Ia 4500
005 20220317001515.0
008 161108s2016 ck a g 000 j s
020 _a9789583048449
245 0 0 _aCuentos fantásticos
_cselección de Guido L. Tamayo S. ; ilustraciones Patricia Rodríguez
250 _a2a. edición
300 _a151 páginas
_bilustraciones en blanco y negro
_c20 cm
490 _aEl pozo y el péndulo
505 _aLa poción de Lao-Tsé / Richard Garnet -- La nariz / Nokolai Gogol -- El guardagujas / Juan José Arreola -- La mendiga de Locarno / Heinrich von Kleist -- En la oscuridad / Antón Chejov -- El sueño de un hombre ridículo / Fiodor Dostoievsky
650 1 4 _2LEMB
_aLiteratura fantástica
650 1 4 _2LEMB
_aLiteratura juvenil
650 1 4 _2LEMB
_aCuentos de ciencia ficción
650 1 4 _2LEMB
_aCuentos fantásticos
_vColecciones
700 1 _aRodríguez Acosta, Patricia
_99783
700 1 _aTamayo Sánchez, Guido L.
_917064
700 1 _aGarnett, Richard
_d1835-1906
_974651
700 1 _aGógol, Nikolai Vasilievich
_d1809-1852
_94324
700 1 _aArreola, Juan José
_d1918-2001
_974652
700 1 _aKleist, Heinrich Von
_d1777-181
_974653
700 1 _aChejov, Anton Pavlovich
_d1860-1904
_916717
700 1 _aDostoievski, Fiódor Mijailovich
_974654
942 _2loc
_cBKLIT
264 _aBogotá
_bPanamericana
_c[2016]
336 _atexto
_btxt
_2rdacontent
337 _asin mediación
_bn
_2rdamedia
338 _avolumen
_bnc
_2rdacarrier
040 _aCO-BoRNBP
_bspa
_erda
_cCO-BoRNBP
084 _aC CUE169
999 _c7192
_d7192